Statistics for Introduction of the Declaration of Independence

Click here to take the quiz!

General Stats

  • This quiz has been taken 699 times
  • The average score is 111 of 182

Answer Stats

Answer% Correct
the
99%
a
95%
in
92%
of
92%
People
87%
people
87%
We
86%
to
85%
be
83%
and
79%
for
79%
are
76%
Liberty
76%
When
76%
Right
74%
all
72%
it
72%
it,
72%
--That
72%
that
72%
Men,
71%
men
71%
equal
70%
equal,
70%
Happiness.
70%
Happiness,
70%
Life,
70%
pursuit
70%
Course
68%
human
68%
on
68%
these
68%
created
67%
Rights,
65%
rights,
65%
by
64%
they
64%
becomes
63%
events,
63%
self-
63%
their
63%
with
63%
evident,
62%
necessary
62%
certain
60%
hold
60%
truths
60%
unalienable
60%
Creator
58%
endowed
57%
one
57%
among
54%
is
54%
them,
54%
them
54%
Government,
53%
Government
53%
God
50%
or
48%
which
48%
as
47%
have
46%
political
45%
from
44%
just
44%
dissolve
43%
declare
42%
another,
41%
Form
40%
form,
40%
new
40%
bands
39%
Governments
38%
Laws
38%
Nature
37%
earth,
36%
powers
36%
secure
36%
should
36%
institute
35%
shall
35%
connected
34%
consent
34%
instituted
34%
its
34%
separate
34%
abolish
33%
any
33%
governed,
33%
mankind
33%
deriving
32%
destructive
32%
ends,
32%
separation.
32%
station
32%
causes
31%
alter
30%
impel
30%
Nature's
30%
respect
30%
most
29%
such
29%
decent
28%
seem
28%
foundation
27%
likely
27%
opinions
27%
principles
26%
Safety
26%
assume
25%
effect
24%
entitle
24%
laying
24%
requires
24%
whenever
24%
organizing
21%

Score Distribution

Percentile by Number Answered

Percent of People with Each Score

Your Score History

You have not taken this quiz